MARC details
| 000 -CABECERA |
| campo de control de longitud fija |
01283nam a2200241 a 4500 |
| 001 - NÚMERO DE CONTROL |
| campo de control |
000048047 |
| 003 - IDENTIFICADOR DEL NÚMERO DE CONTROL |
| campo de control |
OSt |
| 005 - FECHA Y HORA DE LA ÚLTIMA TRANSACCIÓN |
| campo de control |
20201112073621.0 |
| 008 - DATOS DE LONGITUD FIJA--INFORMACIÓN GENERAL |
| campo de control de longitud fija |
181109s2016 dr a 000 0 spa d |
| 020 ## - NÚMERO INTERNACIONAL ESTÁNDAR DEL LIBRO |
| ISBN cancelado o inválido |
9789945460575 |
| 040 ## - FUENTE DE LA CATALOGACIÓN |
| Centro catalogador/agencia de origen |
DO-SdBNP |
| Lengua de catalogación |
spa |
| Centro/agencia transcriptor |
BNPHU |
| 082 ## - NÚMERO DE LA CLASIFICACIÓN DECIMAL DEWEY |
| Número de documento/Ítem |
M971L, 2016 |
| 100 1# - ENTRADA PRINCIPAL--NOMBRE DE PERSONA |
| Nombre de persona |
Muñoz, Orlando, |
| Fechas asociadas al nombre |
1972- |
| 9 (RLIN) |
33211 |
| 245 13 - MENCIÓN DE TÍTULO |
| Título |
La lengua en movimiento : |
| Resto del título |
manual de teoría y ejercicios de lengua española / |
| Mención de responsabilidad, etc. |
Orlando Muñoz. |
| 250 ## - MENCIÓN DE EDICIÓN |
| Mención de edición |
5ª ed. |
| 260 ## - PUBLICACIÓN, DISTRIBUCIÓN, ETC. |
| Lugar de publicación, distribución, etc. |
Santo Domingo : |
| Nombre del editor, distribuidor, etc. |
Búho, |
| Fecha de publicación, distribución, etc. |
2016. |
| 300 ## - DESCRIPCIÓN FÍSICA |
| Extensión |
410 p. : |
| Otras características físicas |
il. ; |
| Dimensiones |
24 cm. |
| 500 ## - NOTA GENERAL |
| Nota general |
Incluye datos biográficos del autor en las solapas |
| 504 ## - NOTA DE BIBLIOGRAFÍA, ETC. |
| Nota de bibliografía, etc. |
Bibliografía : p. 407-410 |
| 505 0# - NOTA DE CONTENIDO CON FORMATO |
| Nota de contenido con formato |
La comunicación lingüística -- |
| Título |
La pragmática lingüística -- |
| -- |
La compresión de la lectura -- |
| -- |
El estudio de lengua -- |
| -- |
La lengua española en el tiempo -- |
| -- |
El español en América y República Dominicana -- |
| -- |
El aspecto oral de la lengua -- |
| -- |
El aspecto formal de la lengua -- |
| -- |
La sintaxis del español -- |
| -- |
Lexicología y semántica del español -- |
| -- |
La expresión escrita -- |
| -- |
La ortografía de la lengua española -- |
| -- |
Estructuras argumentativas y analógicas -- |
| -- |
Las figuras lingüísticas del discurso -- |
| -- |
Expresiones homófonas y parónimas -- |
| 590 ## - NOTA LOCAL (RLIN) |
| Nota local |
Inventariado, 2018/LP |
| 942 ## - ELEMENTOS DE PUNTO DE ACCESO ADICIONAL (KOHA) |
| Fuente del sistema de clasificación o colocación |
Dewey Decimal Classification |
| Tipo de ítem Koha |
Libro |